书目信息 |
| 题名: |
电路分析基础
|
|
| 作者: | 李翰荪 编 | |
| 分册: | 下册 | |
| 出版信息: | 北京 高等教育出版社 1993.6 |
|
| 页数: | 382页 | |
| 开本: | 20cm | |
| 丛书名: | ||
| 单 册: | ||
| 中图分类: | TM133 | |
| 科图分类: | 73.113 | |
| 主题词: | 电路分析--高等学校--教材 , 电路分析 | |
| 电子资源: | ||
| ISBN: | 978-7-04-004184-2 | |
| 000 | 00661nam0 2200241 450 | |
| 001 | 0194004506 | |
| 005 | 20100713011658.0 | |
| 010 | @a978-7-04-004184-2@dCNY15 | |
| 100 | @a19940204d1993 em y0chiy0110 ea | |
| 101 | 0 | @achi |
| 102 | @aCN@b110000 | |
| 105 | @ay z 000yyr | |
| 200 | 1 | @a电路分析基础@9Dian Lu Fen Xi Ji Chu @f李翰荪编@h下册 |
| 210 | @a北京@c高等教育出版社@d1993.6 | |
| 215 | @a382页@d20cm | |
| 300 | @a高等学校教材 | |
| 606 | 0 | @a电路分析@x高等学校@x教材 |
| 606 | 0 | @a电路分析 |
| 690 | @aTM133@v三版 | |
| 692 | @a73.113 | |
| 701 | 0 | @a李翰荪@9li han sun@4编 |
| 801 | 0 | @aCN@b91MARC@c20130904 |
| 905 | @aBZT@dTM133@e11:2@f2@sTM133/11:2 | |
| 电路分析基础/李翰荪编.下册.-北京:高等教育出版社,1993.6 |
| 382页;20cm |
| 高等学校教材 |
| ISBN 978-7-04-004184-2:CNY15 |
| ● |
| 相关链接 |
|
|
|
正题名:电路分析基础
索取号:TM133/11:2
 
预约/预借
| 序号 | 登录号 | 条形码 | 馆藏地/架位号 | 状态 | 备注 |
| 1 | 2000056698 | 2000056698 | 旧书回溯/ [索取号:TM133/11:2] | 在馆 | |
| 2 | 2000127906 | 2000127906 | 旧书回溯/ [索取号:TM133/11:2] | 在馆 |